Words about the Word : a guide to choosing and using your Bible /

Bibliographic Details
Main Author: Kohlenberger, John R., III, 1951-
Format: Book
Language:English
Published: Grand Rapids, Mich. : Zondervan Pub. House, [1987]
Subjects:

MARC

Tag First Indicator Second Indicator Subfields
LEADER 00000cam a2200000 a 4500
001 in00000032962
005 20151007055054.0
008 860930s1987 miu b 001 0 eng
010 |a  86026663  
020 |a 0310393612 (pbk.) 
020 |a 9780310393610 (pbk.) 
029 1 |a YDXCP  |b 177217 
029 1 |a AU@  |b 000004893869 
035 |a (OCoLC)14412362 
035 |a (OCoLC)ocm14412362 
035 |9 AAB7141AM 
040 |a DLC  |c DLC  |d OCL  |d BAKER  |d BTCTA  |d YDXCP  |d UtOrBLW 
049 |a TXAM  |c [A11645624] 
050 0 0 |a BS132  |b .K64 1987 
082 0 |a 220.5/2  |2 19 
100 1 |a Kohlenberger, John R.,  |c III,  |d 1951- 
245 1 0 |a Words about the Word :  |b a guide to choosing and using your Bible /  |c John R. Kohlenberger III. 
264 1 |a Grand Rapids, Mich. :  |b Zondervan Pub. House,  |c [1987] 
264 4 |c ©1987 
300 |a 218 pages ;  |c 24 cm. 
336 |a text  |b txt  |2 rdacontent 
337 |a unmediated  |b n  |2 rdamedia 
338 |a volume  |b nc  |2 rdacarrier 
500 |a "Regency reference library." 
500 |a "A Zondervan publication." 
504 |a Bibliography: pages 201-203. 
500 |a Includes indexes. 
630 0 0 |a Bible.  |l English  |x Versions  |v Handbooks, manuals, etc. 
740 0 |a Regency reference library. 
938 |a Baker & Taylor  |b BKTY  |c 9.95  |d 7.46  |i 0310393612  |n 0001119207  |s active 
938 |a Baker and Taylor  |b BTCP  |n 86026663 //r87 
938 |a YBP Library Services  |b YANK  |n 177217 
994 |a C0  |b TXA 
999 |a MARS 
999 f f |s 1e5bf8ba-1c3d-3af6-9581-94234bf158da  |i c2b30d4a-c680-31b0-b1c9-14375dc6c1a6  |t 0 
952 f f |p normal  |a Texas A&M University  |b College Station  |c Sterling C. Evans Library  |d Evans: Library Stacks  |t 0  |e BS132 .K64 1987  |h Library of Congress classification  |i unmediated -- volume  |m A14811645624 
998 f f |a BS132 .K64 1987  |t 0  |l Evans: Library Stacks